| 000 | 00659nam a22002172 4500 | ||
|---|---|---|---|
| 001 | 9946 | ||
| 003 | BD-RjUL | ||
| 005 | 20211208234853.0 | ||
| 008 | 140122r19611958enka 001 0 eng d | ||
| 035 |
_a(BD-RjUL)9992 _aOCLC ocm07652229 from D970904M |
||
| 040 |
_aPLF _cPLF _dBD-RjUL _beng |
||
| 041 | _aeng | ||
| 082 | 0 | 4 |
_a541 _bHAS 1961 |
| 100 | 1 |
_aHarris, Ellis Thomas. _930727 |
|
| 245 | 1 | 2 |
_aA structural introduction to chemistry / _cE. T. Harris |
| 260 |
_aLondon : _bBlackie, _cc1958 [reprint 1961]. |
||
| 300 |
_aix, 181 p. : _billus. ; _c19 cm. |
||
| 504 | _aInclude index. | ||
| 650 | 0 |
_aChemistry, Physical and theoretical. _930728 |
|
| 942 |
_2ddc _cBK |
||
| 999 |
_c9946 _d9946 |
||